000 00537nam a22001457a 4500
005 20120510134739.0
020 _a8120312236
_c150.00
035 _aA-933642
037 _aDPL
_bENG
245 _aHow the bond market works :
_bStaff of New York institute of finance /
260 _aNew Delhi
_bPrentice-Hall of India
_c1997
300 _ax, 278p.
_c18 cms.
942 _2ddc
_cEN
_h332.6323
_mHOW
999 _c66428
_d66428